[Event "Piestany Slovakia op-B"]
[Site "Piestany"]
[Date "2022.07.18"]
[Round "9"]
[White "Durik, Martin"]
[Black "Tarnavskyi, Artem"]
[Result "1-0"]
[WhiteElo "1308"]
[BlackElo "1103"]
[PlyCount "129"]
[EventDate "2022.07.11"]
[EventType "swiss"]
[EventRounds "9"]
[EventCountry "SVK"]
[SourceTitle "CBM 209 Extra"]
[Source "ChessBase"]
[SourceDate "2022.09.30"]
[SourceVersion "1"]
[SourceVersionDate "2022.09.30"]
[SourceQuality "1"]

1. d4 Nc6 2. Bf4 Nf6 3. Nf3 d6 4. h3 g6 5. e3 Bg7 6. c4 0-0 7. Nc3 Qe8 8. Nb5 e5 9. dxe5 dxe5 10. Nxc7 Qe7 11. Bxe5 Nxe5 12. Nxa8 Nxf3+ 13. gxf3 Bf5 14. Nb6 axb6 15. Qb3 Qc7 16. e4 Be6 17. Rc1 Bh6 18. Rd1 Rc8 19. Qc3 Bg7 20. Qe3 Bxc4 21. Bxc4 Qxc4 22. Qxb6 Nxe4 23. Rd8+ Rxd8 24. Qxd8+ Bf8 25. Rh2 Qc1+ 26. Qd1 Bb4+ 27. Ke2 Qxb2+ 28. Kf1 Qd2 29. Qxd2 Nxd2+ 30. Ke2 Kf8 31. Rh1 Ke7 32. Rc1 Ba5 33. Ke3 Kf6 34. Kf4 g5+ 35. Kg4 h5+ 36. Kxh5 Nxf3 37. Rc5 b6 38. Rb5 Ne5 39. Rb3 Kf5 40. h4 gxh4 41. Kxh4 Be1 42. Kg3 Nc4 43. Rf3+ Ke6 44. Rf4 Nd6 45. Kf3 f5 46. Rh4 Ke5 47. Ke2 Ba5 48. f3 Nb5 49. Kd3 Nd4 50. Rxd4 f4 51. Kc4 Kf5 52. Rd5+ Ke6 53. Rb5 Kf6 54. Kd5 Kg5 55. Ke4+ Kf6 56. Kxf4 Ke6 57. Kg5 Kf7 58. Kf5 Ke7 59. Kg6 Kd6 60. a4 Kc6 61. f4 Bc3 62. f5 Bd4 63. f6 Kd6 64. f7 Ke7 65. a5 1-0

[Event "Piestany Slovakia op-B"]
[Site "Piestany"]
[Date "2022.07.16"]
[Round "7"]
[White "Tarnavskyi, Artem"]
[Black "Goncharenko, Anna"]
[Result "1-0"]
[WhiteElo "1103"]
[BlackElo "1000"]
[PlyCount "89"]
[EventDate "2022.07.11"]
[EventType "swiss"]
[EventRounds "9"]
[EventCountry "SVK"]
[SourceTitle "CBM 209 Extra"]
[Source "ChessBase"]
[SourceDate "2022.09.30"]
[SourceVersion "1"]
[SourceVersionDate "2022.09.30"]
[SourceQuality "1"]

1. e4 d5 2. exd5 Nf6 3. d4 Nxd5 4. c4 Nb6 5. Nc3 Nc6 6. h3 Qxd4 7. Be3 Qxd1+ 8. Rxd1 a6 9. Bxb6 cxb6 10. Nd5 Kd8 11. Nxb6+ Kc7 12. Nxa8+ Kb8 13. Nb6 e6 14. a3 Be7 15. Nxc8 Kxc8 16. Nf3 h5 17. Be2 f5 18. Nd4 Nd8 19. 0-0 f4 20. Bf3 e5 21. Nf5 Bf6 22. Rd5 Nc6 23. Rfd1 g6 24. Nd6+ Kb8 25. Nxb7 Kxb7 26. Rd7+ Kc8 27. Bxc6 Rd8 28. Rxd8+ Bxd8 29. Rxd8+ Kxd8 30. b4 Kc7 31. b5 a5 32. c5 g5 33. Kf1 g4 34. hxg4 hxg4 35. Ke2 a4 36. g3 Kc8 37. Kd3 Kc7 38. Ke4 fxg3 39. fxg3 Kc8 40. b6 Kb8 41. Bxa4 Kc8 42. c6 Kb8 43. c7+ Kc8 44. Bd1 Kb7 45. Bxg4 1-0

[Event "Piestany Slovakia op-B"]
[Site "Piestany"]
[Date "2022.07.15"]
[Round "6"]
[White "Melih, Mario"]
[Black "Tarnavskyi, Artem"]
[Result "1-0"]
[WhiteElo "1000"]
[BlackElo "1103"]
[PlyCount "71"]
[EventDate "2022.07.11"]
[EventType "swiss"]
[EventRounds "9"]
[EventCountry "SVK"]
[SourceTitle "CBM 209 Extra"]
[Source "ChessBase"]
[SourceDate "2022.09.30"]
[SourceVersion "1"]
[SourceVersionDate "2022.09.30"]
[SourceQuality "1"]

1. e4 Nc6 2. d4 d5 3. e5 Bf5 4. Bb5 Qd7 5. Nf3 a6 6. Ba4 e6 7. 0-0 Nge7 8. Be3 h6 9. Nbd2 b5 10. Bb3 Na5 11. c3 Nc4 12. Nxc4 bxc4 13. Ba4 c6 14. b3 Bd3 15. Re1 Nc8 16. bxc4 Bxc4 17. Bb3 Nb6 18. Nd2 Bd3 19. Bc2 Bxc2 20. Qxc2 Be7 21. Rab1 Rb8 22. c4 dxc4 23. Nxc4 Qc7 24. Nxb6 Rxb6 25. Rxb6 Qxb6 26. d5 c5 27. d6 Bg5 28. Bxc5 Qc6 29. Re2 Kd7 30. Be3 Rb8 31. Qxc6+ Kxc6 32. Rc2+ Kd5 33. f4 Bd8 34. Kf2 f6 35. Kf3 Ba5 36. Rc5# 1-0

[Event "Piestany Augustus Cup"]
[Site "Piestany"]
[Date "2022.07.15"]
[Round "2"]
[White "Mikus, Peter"]
[Black "Tarnavskyi, Artem"]
[Result "0-1"]
[WhiteElo "1636"]
[BlackElo "1283"]
[PlyCount "64"]
[EventDate "2022.07.15"]
[EventType "swiss (rapid)"]
[EventRounds "7"]
[EventCountry "SVK"]
[SourceTitle "CBM 209 Extra"]
[Source "ChessBase"]
[SourceDate "2022.09.30"]
[SourceVersion "1"]
[SourceVersionDate "2022.09.30"]
[SourceQuality "1"]

1. Nf3 Nc6 2. c4 e5 3. Nc3 Bb4 4. g3 Bxc3 5. bxc3 d6 6. Bg2 f5 7. d3 Nf6 8. 0-0 0-0 9. Bg5 h6 10. Bxf6 Qxf6 11. Qb3 Rb8 12. Nd2 Na5 13. Qc2 b6 14. f4 Qe6 15. fxe5 dxe5 16. e4 f4 17. gxf4 exf4 18. Rae1 g5 19. e5 Qg6 20. Ne4 g4 21. Nf6+ Rxf6 22. exf6 f3 23. Bh1 Nxc4 24. Qb3 Qxd3 25. Re8+ Kf7 26. Rh8 Qe3+ 27. Rf2 Qe1+ 28. Rf1 f2+ 29. Kg2 Bb7+ 30. Kg3 Qxf1 31. Rxb8 Qg1+ 32. Kf4 f1Q+ 0-1

[Event "Piestany Augustus Cup"]
[Site "Piestany"]
[Date "2022.07.15"]
[Round "4"]
[White "Mizicka, Matus"]
[Black "Tarnavskyi, Artem"]
[Result "1-0"]
[WhiteElo "1866"]
[BlackElo "1283"]
[PlyCount "59"]
[EventDate "2022.07.15"]
[EventType "swiss (rapid)"]
[EventRounds "7"]
[EventCountry "SVK"]
[SourceTitle "CBM 209 Extra"]
[Source "ChessBase"]
[SourceDate "2022.09.30"]
[SourceVersion "1"]
[SourceVersionDate "2022.09.30"]
[SourceQuality "1"]

1. e4 Nc6 2. d4 d5 3. e5 Bf5 4. g4 Be4 5. f3 Bg6 6. h4 h5 7. Bd3 Bxd3 8. Qxd3 hxg4 9. e6 fxe6 10. Qg6+ Kd7 11. fxg4 Qe8 12. Qd3 g5 13. Nf3 gxh4 14. c3 Nf6 15. g5 Ne4 16. b4 Qg6 17. b5 Na5 18. Ne5+ Kd6 19. Ba3+ c5 20. Nxg6 Rg8 21. Ne5 b6 22. g6 Bg7 23. Nd2 Bxe5 24. Nxe4+ dxe4 25. dxe5+ Kxe5 26. Qd7 Rxg6 27. Rf1 Nc4 28. Qc7+ Nd6 29. Bxc5 h3 30. Rd1 1-0

[Event "Piestany Augustus Cup"]
[Site "Piestany"]
[Date "2022.07.15"]
[Round "7"]
[White "Prucek, Ladislav"]
[Black "Tarnavskyi, Artem"]
[Result "1-0"]
[WhiteElo "1770"]
[BlackElo "1283"]
[PlyCount "79"]
[EventDate "2022.07.15"]
[EventType "swiss (rapid)"]
[EventRounds "7"]
[EventCountry "SVK"]
[SourceTitle "CBM 209 Extra"]
[Source "ChessBase"]
[SourceDate "2022.09.30"]
[SourceVersion "1"]
[SourceVersionDate "2022.09.30"]
[SourceQuality "1"]

1. e4 Nc6 2. Nf3 d6 3. d4 Nf6 4. Nc3 g6 5. Bc4 Bg7 6. 0-0 0-0 7. h3 e5 8. dxe5 dxe5 9. Qe2 Qe7 10. Bg5 Be6 11. Nd5 Bxd5 12. Bxd5 h6 13. Bh4 g5 14. Bg3 Nxd5 15. exd5 Nb4 16. c4 e4 17. Ne1 a5 18. a3 Na6 19. Rd1 Rad8 20. Rb1 Rfe8 21. Nc2 Nc5 22. Ne3 Be5 23. Nf5 Qf6 24. Bxe5 Qxe5 25. Nxh6+ Kg7 26. Ng4 Qf4 27. b4 axb4 28. axb4 Nd3 29. Qe3 f5 30. Qd4+ Ne5 31. g3 Qf3 32. Nxe5 Qh5 33. Nd7+ Kf7 34. Qf6+ Kg8 35. Qxf5 Rf8 36. Qe6+ Kg7 37. Nxf8 Rxf8 38. Ra1 e3 39. fxe3 Rxf1+ 40. Rxf1 1-0

[Event "Piestany Augustus Cup"]
[Site "Piestany"]
[Date "2022.07.15"]
[Round "6"]
[White "Tarnavskyi, Artem"]
[Black "Janousek, Petr"]
[Result "0-1"]
[WhiteElo "1283"]
[BlackElo "2118"]
[PlyCount "70"]
[EventDate "2022.07.15"]
[EventType "swiss (rapid)"]
[EventRounds "7"]
[EventCountry "SVK"]
[SourceTitle "CBM 209 Extra"]
[Source "ChessBase"]
[SourceDate "2022.09.30"]
[SourceVersion "1"]
[SourceVersionDate "2022.09.30"]
[SourceQuality "1"]

1. e4 e5 2. Nf3 Nc6 3. Bc4 Bc5 4. b4 Bxb4 5. c3 Be7 6. d4 Na5 7. Nxe5 Nxc4 8. Nxc4 d5 9. exd5 Qxd5 10. Ne3 Qd8 11. 0-0 Nf6 12. Qf3 0-0 13. Nf5 Bxf5 14. Qxf5 c6 15. Nd2 Qd5 16. Qxd5 cxd5 17. Nf3 Rac8 18. Bd2 Ne4 19. Rab1 b6 20. Rfc1 Nxd2 21. Nxd2 Bg5 22. Rb2 Rc7 23. g3 Rfc8 24. f4 Bf6 25. Rb3 Bxd4+ 26. Kf1 Rxc3 27. Rbxc3 Rxc3 28. Re1 Kf8 29. Nb3 Bf6 30. Rd1 Rc2 31. Rxd5 Rxa2 32. Rd7 g6 33. Rb7 Kg7 34. h4 h5 35. Kg1 Rb2 0-1

[Event "Piestany Slovakia op-B"]
[Site "Piestany"]
[Date "2022.07.14"]
[Round "5"]
[White "Tarnavskyi, Artem"]
[Black "Frundina, Yelyzaveta"]
[Result "0-1"]
[WhiteElo "1103"]
[BlackElo "1608"]
[PlyCount "102"]
[EventDate "2022.07.11"]
[EventType "swiss"]
[EventRounds "9"]
[EventCountry "SVK"]
[SourceTitle "CBM 209 Extra"]
[Source "ChessBase"]
[SourceDate "2022.09.30"]
[SourceVersion "1"]
[SourceVersionDate "2022.09.30"]
[SourceQuality "1"]

1. e4 c5 2. Nc3 d6 3. f4 Nf6 4. Bb5+ Nc6 5. Nf3 a6 6. Bxc6+ bxc6 7. d3 d5 8. 0-0 e6 9. e5 d4 10. exf6 dxc3 11. fxg7 Bxg7 12. b3 Bd4+ 13. Kh1 f6 14. Qe1 Kd7 15. Qe4 Kc7 16. Be3 f5 17. Bxd4 fxe4 18. Bxc3 Kb7 19. Bxh8 exf3 20. Be5 fxg2+ 21. Kxg2 Qh4 22. Rf3 Bd7 23. Rg3 Re8 24. h3 Qd8 25. Kf2 Rg8 26. Rxg8 Qxg8 27. Rg1 Qd8 28. Rg7 h5 29. Rh7 Qe8 30. a4 Ka7 31. a5 Qd8 32. c4 Ka8 33. Rh8 Be8 34. Ke2 Qd7 35. h4 Qf7 36. Bd6 Qg6 37. Bxc5 Qg4+ 38. Ke3 Qg1+ 39. Ke2 Qxc5 40. Rxe8+ Kb7 41. Rxe6 Qxa5 42. Re5 Qa2+ 43. Ke3 Qxb3 44. Rxh5 Qc3 45. Re5 Qe1+ 46. Kf3 Qxh4 47. f5 Kb6 48. Re6 a5 49. Rd6 a4 50. f6 Kc5 51. f7 Qh5+ 0-1